| 000 | 00370nam a2200145Ia 4500 | ||
|---|---|---|---|
| 008 | 150201s2009 xx 000 0 und d | ||
| 082 |
_a610.73677 _bI09K |
||
| 100 | _aKAPUR , M.M. | ||
| 245 | _aINTRODUCTION TO SURGICAL INSTRUMENT & PROCEDURES FOR UG. | ||
| 250 | _a2ND | ||
| 260 |
_bELSEVIER _aINDIA _c2009 |
||
| 300 | _a243 | ||
| 650 | _aSURGERY | ||
| 942 |
_2ddc _cBK _019 |
||
| 999 |
_c2110 _d2110 |
||